Rage Against the Machine songs by lyrics - Statistics

General Stats
  • This quiz has been taken 293 times
  • The average score is 9 of 18
Answer Stats
Lyrics Song % Correct
Rally round the family! With a pocket full of shells Bulls on Parade
92%
Some of those that work forces, are the same that burn crosses Killing in the Name
92%
Transmission, third World War, third round / A decade of the weapon of sound above ground Guerrilla Radio
75%
And suckers be thinkin' that they can fake this / But, I'ma drop it at a higher level / 'Cause I'm inclined to stoop down, hand out some beat-downs Bombtrack
66%
The world is my expense / The cost of my desire / Jesus blessed me with its future / And I protect it with fire Sleep Now in the Fire
63%
Just victims of the in-house drive-by / They say jump, you say how high, yeah Bullet in the Head
62%
Born with insight and a raised fist / A witness to the slit wrist / As we move into '92 / Still in a room without a view Know Your Enemy
60%
He turned the power to the have-nots / And then came the shot Wake Up
57%
The movie ran through me / The glamour subdue me / The tabloid untie me / I'm empty please fill me Testify
50%
Check it, since fifteen hundred and sixteen, minds attacked and overseen / Now crawl amidst the ruins of this empty dream People of the Sun
49%
These people ain't seen a, brown-skinned man / Since their grandparents bought one Down Rodeo
48%
Since the Prehistoric ages and the days of ancient Greece / Right down through the Middle Ages / Planet earth kept going through changes Renegades of Funk
48%
Turn on the radio - Nah, fuck it!! Turn it off! / Fear is your only god on the radio - Nah, fuck it!! Turn it off! Vietnow
48%
And The highway is alive tonight / Nobody's foolin' nobody is to where it goes The Ghost of Tom Joad
32%
I be walkin' god like a dog, my narrative, fearless / My word war returns to burn like Baldwin home from Paris Calm Like a Bomb
30%
Jump behind the bush when you see me driving by' / Hanging out my window, and my magnum taking out some putos How I Could Just Kill a Man
28%
To the Young R to the E, the B to the E, the L / Never give up, just live up Mic Check
25%
I got no property but yo I'm a piece of it / So let the guilty hang Year of tha Boomerang
23%
No matching quizzes found
Score Distribution
Percent of People with Each Score
Percentile by Number Answered
Your Score History
You have not taken this quiz